Телеграммы об административном делении областей, краев и губерний Республики

Доступно только в Электронных читальных залах Найти на картеНа карте
RUSMARC
00003524nac2a22002531x 450
001e2830ef4-9e74-43dd-a6a5-462e8c86878d
00520160727032833.0
100##$a20160527l19211921k y0rusy50 ca
1010#$arus
102##$aRU
105##$ay z |||||
1222#$ad19210202
$ad19211112
2001#$aТелеграммы об административном делении областей, краев и губерний Республики
$j2 февраля - 12 ноября 1921
215##$a33 листа
251##$cДело
300##$aМашинописный текст
324##$aВ деле имеются копии отдельных документов
330##$aВходит в раздел описи: V. Бюро телеграмм. 5. Наркомат внутренних дел
461#0$1001ad6baeac-e292-4829-90d1-2f4f65796a62
$12001
$aСОВЕТ НАРОДНЫХ КОМИССАРОВ РСФСР (СНК РСФСР)
$1251
$cФонд
$1852
$j130
$gР
462#0$1001749580a7-5abb-40c4-a39c-e540631a040a
$12001
$a1921 г.
$vД. 726
$1251
$cОпись
$1852
$j5
60101$3RU\NLR\AUTH\661074810
$aРСФСР
$bСовет Народных Комиссаров
801#0$aRU
$bGA_RF
801#1$aRU
$bНПО Опыт
$c20160527
$2rusmarc
801#2$aRU
$bПБ им. Б.Н. Ельцина
$c20160727
$gRCR
$2rusmarc
852##$aГА РФ
$j726
937##$d79643784
$hПБ
035##$aRuPRLIB51039343
Формат отображения